NFL Second Team All Pro Offensive Tackles - Statistics

General Stats
  • This quiz has been taken 19 times
    2 since last reset
  • The average score is 55 of 117
Answer Stats
Year Team Player % Correct
2022 Giants Andrew Thomas
100%
1991 Bengals Anthony Muñoz
100%
1984 Bengals Anthony Muñoz
100%
2017 Panthers Daryl Williams
100%
2019 Packers David Bakhtiari
100%
2017 Packers David Bakhtiari
100%
2016 Packers David Bakhtiari
100%
2009 Dolphins Jake Long
100%
2001 Bears James Williams
100%
2014 Eagles Jason Peters
100%
2010 Eagles Jason Peters
100%
2008 Bills Jason Peters
100%
2007 Bills Jason Peters
100%
2013 49ers Joe Staley
100%
2012 49ers Joe Staley
100%
2011 49ers Joe Staley
100%
2012 Browns Joe Thomas
100%
2008 Browns Joe Thomas
100%
2006 Ravens Jonathan Ogden
100%
2004 Ravens Jonathan Ogden
100%
2001 Ravens Jonathan Ogden
100%
1999 Ravens Jonathan Ogden
100%
1998 Ravens Jonathan Ogden
100%
2024 Eagles Lane Johnson
100%
2023 Eagles Lane Johnson
100%
2021 Eagles Lane Johnson
100%
2004 Rams Orlando Pace
100%
2000 Rams Orlando Pace
100%
1994 Browns Tony Jones
100%
2002 Eagles Tra Thomas
100%
2025 49ers Trent Williams
100%
2015 Redskins Trent Williams
100%
2022 Buccaneers Tristan Wirfs
100%
2023 Cowboys Tyron Smith
100%
2015 Cowboys Tyron Smith
100%
2013 Cowboys Tyron Smith
100%
2008 Seahawks Walter Jones
100%
2006 Seahawks Walter Jones
100%
2005 Chiefs Willie Roaf
100%
2002 Chiefs Willie Roaf
100%
2000 Saints Willie Roaf
100%
1997 Saints Willie Roaf
100%
1996 Saints Willie Roaf
100%
2014 Bengals Andrew Whitworth
50%
1972 Raiders Bob Brown
50%
1980 Cardinals Dan Dierdorf
50%
1975 Cardinals Dan Dierdorf
50%
1974 Cardinals Dan Dierdorf
50%
2018 Seahawks Duane Brown
50%
2011 Texans Duane Brown
50%
1995 Broncos Gary Zimmerman
50%
1993 Broncos Gary Zimmerman
50%
1989 Rams Jackie Slater
50%
1987 Rams Jackie Slater
50%
1986 Rams Jackie Slater
50%
1983 Rams Jackie Slater
50%
1990 Chiefs John Alt
50%
2024 Eagles Jordan Mailata
50%
1994 Lions Lomas Brown
50%
1991 Lions Lomas Brown
50%
2009 Titans Michael Roos
50%
2019 Chiefs Mitchell Schwartz
50%
2017 Chiefs Mitchell Schwartz
50%
2016 Chiefs Mitchell Schwartz
50%
2021 Chargers Rashawn Slater
50%
2020 Saints Ryan Ramczyk
50%
2018 Saints Ryan Ramczyk
50%
1978 Raiders Art Shell
0%
1975 Raiders Art Shell
0%
1984 Rams Bill Bain
0%
1986 Giants Brad Benson
0%
1985 Patriots Brian Holloway
0%
1996 Patriots Bruce Armstrong
0%
1988 Patriots Bruce Armstrong
0%
1973 Rams Charley Cowan
0%
1989 Colts Chris Hinton
0%
1985 Colts Chris Hinton
0%
2025 Bears Darnell Wright
0%
2008 Giants David Diehl
0%
2008 Titans David Stewart
0%
1978 Rams Doug France
0%
2007 Cowboys Flozell Adams
0%
2020 Broncos Garett Bolles
0%
1977 Colts George Kunz
0%
1976 Colts George Kunz
0%
1973 Falcons George Kunz
0%
1987 Chargers Jim Lachey
0%
2005 Redskins Jon Jansen
0%
1999 Titans Jon Runyan
0%
2003 Rams Kyle Turley
0%
1999 Jaguars Leon Searcy
0%
2001 Raiders Lincoln Kennedy
0%
1990 Cardinals Luis Sharpe
0%
1988 Cardinals Luis Sharpe
0%
2016 Patriots Marcus Cannon
0%
1980 Jets Marvin Powell
0%
1983 Falcons Mike Kenn
0%
1982 Falcons Mike Kenn
0%
1981 Falcons Mike Kenn
0%
1981 Cowboys Pat Donovan
0%
1992 Buccaneers Paul Gruber
0%
1976 Cowboys Rayfield Wright
0%
1974 Cowboys Rayfield Wright
0%
1995 Dolphins Richmond Webb
0%
1993 Dolphins Richmond Webb
0%
1972 Lions Rocky Freitas
0%
1977 Vikings Ron Yary
0%
1982 Chargers Russ Washington
0%
1979 Chargers Russ Washington
0%
2008 Broncos Ryan Clady
0%
2010 Patriots Sebastian Vollmer
0%
1979 Eagles Stan Walters
0%
1992 49ers Steve Wallace
0%
2018 Saints Terron Armstead
0%
1998 Vikings Todd Steussie
0%
1997 Vikings Todd Steussie
0%
2003 Bengals Willie Anderson
0%
No matching quizzes found
Score Distribution
Percent of People with Each Score
Percentile by Number Answered
Your Score History
You have not taken this quiz since the last reset